|
|
|
|
| LEADER |
00000nam#a22000001ab4500 |
| 001 |
00003332 |
| 003 |
AR-BaUAD |
| 005 |
20230908141150.0 |
| 008 |
941006s1946####ag#b|||##||||||||#||spa|d |
| 040 |
|
|
|a AR-BaUAD
|b spa
|c AR-BaUAD
|
| 041 |
|
|
|a spa
|
| 044 |
|
|
|c ar
|2 ISO3166-1
|
| 100 |
1 |
|
|a Máspero, Gaston Camile Charles
|
| 245 |
1 |
0 |
|a Historia de los antiguos pueblos de Oriente
|
| 260 |
|
|
|a Buenos Aires :
|b Argonauta,
|c 1946
|
| 300 |
|
|
|a 906 p. :
|b 2 mapas (plegs. col.)
|
| 490 |
|
|
|a Clásicos de la historia
|
| 653 |
|
|
|a HISTORIA
|
| 653 |
|
|
|a ORIENTE
|
| 655 |
|
|
|a TEXTO
|
| 852 |
|
|
|c 38-3
|
| 952 |
|
|
|0 0
|1 0
|4 0
|6 383
|7 0
|9 21541
|a AR-BaUAD
|b AR-BaUAD
|d 0000-00-00
|e compra Peuser
|i 3332
|l 0
|o 38-3
|p ea1zp3332
|r 2023-09-08 14:11:50
|w 2023-09-08
|y BK
|
| 990 |
|
|
|a Ej. No1 : 3332 . 1/10/1948 -- compra Peuser -- (13,60 pesos).
|b ADM
|
| 990 |
|
|
|a H194
|b TD
|
| 990 |
|
|
|a AAQ00003332
|b CC
|
| 998 |
|
|
|a AAQ
|b Bibun 76
|
| 942 |
|
|
|c BK
|
| 999 |
|
|
|c 9179
|d 9179
|